LEADER 01025nam0 2200277 450 001 000024309 005 20090116112532.0 010 $a3-87682-453-2 100 $a20090116d1979----km-y0itaa50------ba 101 0 $ager 102 $aDE 200 1 $aDramen$edas bist du, der Arm Konrad Cynkali, die Matrosen von Cattaro Professor Mamlock, Beaumarchais$fFriedrich Wolf 210 $aFrankfurt am Main$cRöderberg$d1979 215 $a475 p.$d18 cm 225 2 $aRöderberg taschenbuch$v69 410 1$12001$aRöderberg taschenbuch$v69 676 $a832.912$v(21. ed.)$9Letteratura drammatica tedesca. 1900-1945 700 1$aWolf,$bFriedrich$0444369 801 0$aIT$bUniversità della Basilicata - B.I.A.$gRICA$2unimarc 912 $a000024309 996 $aDramen$992152 997 $aUNIBAS BAS $aLETTERE CAT $aEXT10$b01$c20090116$lBAS01$h1125 FMT Z30 -1$lBAS01$LBAS01$mBOOK$1BASA1$APolo Storico-Umanistico$2FMAS$BFondo Masini$3FMas/817/1051$6817/1051$5B817/1051$820090116$f04$FPrestabile Didattica LEADER 01015nam--2200349---450- 001 990003496940203316 005 20110215123307.0 035 $a000349694 035 $aUSA01000349694 035 $a(ALEPH)000349694USA01 035 $a000349694 100 $a20110215d1957----km-y0itay50------ba 101 $afre 102 $aFR 105 $aa---||||001yy 200 1 $aUrgences vasculaires des membres$fJean Lamy, Christian Bourde$gpréface du R. De Vernejoul 210 $aParis$cMasson & C.ie$dcopyr. 1957 215 $a317 p.$cill.$d25 cm 606 0 $aVasi sanguigni$2BNCF 606 $aMedicina d'urgenza$2BNCF 676 $a573.18 700 1$aLAMY,$bJean$0609408 701 1$aBOURDE,$bChristian$0609409 702 1$aDE VERNEJOUL,$bR. 801 0$aIT$bsalbc$gISBD 912 $a990003496940203316 951 $aFDC 148$b692 Med.$cFDC 959 $aBK 969 $aMED 979 $aCIANATIEMP$b90$c20110215$lUSA01$h1233 996 $aUrgences vasculaires des membres$91111371 997 $aUNISA